[Event "CZE-chT2J 0203"]
[Site "Czech Republic"]
[Date "2002.??.??"]
[Round "7"]
[White "Hruby, Milan"]
[Black "Hoffmann, Rudolf"]
[Result "1/2-1/2"]
[WhiteElo "1938"]
[BlackElo "2033"]
[PlyCount "149"]
[EventDate "2002.10.??"]
[EventType "team"]
[EventRounds "11"]
[EventCountry "CZE"]
[SourceTitle "EXT 2007"]
[Source "ChessBase"]
[SourceDate "2006.11.23"]
[SourceVersion "1"]
[SourceVersionDate "2006.11.23"]
[SourceQuality "1"]

1. e4 e5 2. Nf3 Nc6 3. Bc4 Nf6 4. d3 Bc5 5. Nbd2 d6 6. c3 0-0 7. 0-0 Bg4 8. Re1 a6 9. Bb3 h6 10. Nf1 Nh7 11. h3 Be6 12. Ng3 Qf6 13. Qe2 Bxb3 14. axb3 Rfe8 15. Nh2 Qg6 16. Kh1 Ng5 17. h4 Ne6 18. Nf5 Nf4 19. Qf3 Bxf2 20. Qxf2 Nxd3 21. Qe2 Nxe1 22. Qxe1 Rad8 23. Qe2 d5 24. h5 Qh7 25. Qg4 Re6 26. exd5 Rxd5 27. Be3 e4 28. Rf1 Rf6 29. Ne7+ Nxe7 30. Rxf6 Kf8 31. Rf1 Nf5 32. Re1 Rd3 33. Bc5+ Kg8 34. Kg1 e3 35. Qe4 Rd8 36. Bxe3 Ng3 37. Qxh7+ Kxh7 38. Bf4 Nxh5 39. Bxc7 Rd7 40. Bb6 Nf6 41. Nf3 Nd5 42. Bd4 f6 43. Re4 Kg6 44. Kf2 Kf5 45. Re8 Nf4 46. Ne1 h5 47. g3 Ne6 48. Nc2 Nxd4 49. Nxd4+ Kg4 50. Re4+ Kg5 51. Kf3 f5 52. Re6 g6 53. Ke3 Rg7 54. Nf3+ Kg4 55. Kf2 f4 56. Re4 g5 57. gxf4 gxf4 58. Re5 h4 59. Re8 Kh3 60. Rh8 Rg2+ 61. Kf1 Rxb2 62. Nxh4 Rxb3 63. Ng2+ Kg3 64. Rg8+ Kf3 65. Ne1+ Ke3 66. Ng2+ Kf3 67. Ne1+ Ke3 68. Ng2+ Kd3 69. Nxf4+ Kxc3 70. Ke2 a5 71. Rc8+ Kd4 72. Nd3 a4 73. Rd8+ Kc4 74. Rc8+ Kb5 75. Kd2 1/2-1/2